[Event "M.Chigorin Memorial 2017 "]
[Site "?????-?????????"]
[Date "2017.10.21"]
[Round "1"]
[Board "124"]
[White "Fedorov, Ivan"]
[Black "Dimitrova, Aleksandra"]
[Result "0-1"]
[WhiteElo "1745"]
[BlackElo "2262"]
[PlyCount "90"]
[EventDate "2017.10.21"]
[EventRounds "9"]
[EventCountry "RUS"]

1. b3 e5 2. Bb2 Nc6 3. e4 Nf6 4. Nf3 Bc5 5. Bb5 O-O 6. Bxc6 dxc6 7. O-O Nxe4 8.
Qe2 Ng5 9. Qxe5 Ne6 10. d3 Qd5 11. Nbd2 Bd6 12. Qxd5 cxd5 13. c4 Nf4 14. cxd5
Nxd3 15. Nc4 Nxb2 16. Nxb2 b5 17. Nd1 Bb7 18. Ne3 f5 19. Rfd1 f4 20. Nf1 Rf5
21. Rac1 Rxd5 22. Re1 g5 23. h4 gxh4 24. N1h2 Rh5 25. Ng4 Rf8 26. Re6 Kg7 27.
Nfe5 Bc8 28. Rxd6 cxd6 29. Rc7+ Kg8 30. Nd7 Bxd7 31. Rxd7 Rf7 32. Rxd6 Kg7 33.
f3 h3 34. Re6 hxg2 35. Kxg2 Rd5 36. Ne5 Rc7 37. Kh3 Rcc5 38. Nc6 Rg5 39. Nd4
Rc1 40. Kh2 Rd1 41. Re7+ Kf6 42. Re6+ Kf7 43. Re4 Rd2+ 44. Kh3 Rg3+ 45. Kh4
Rh2#  0-1

[Event "M.Chigorin Memorial 2017 "]
[Site "?????-?????????"]
[Date "2017.10.21"]
[Round "1"]
[Board "125"]
[White "Salman, Pavel"]
[Black "Patel, Palak"]
[Result "1-0"]
[WhiteElo "2260"]
[BlackElo "1741"]
[PlyCount "75"]
[EventDate "2017.10.21"]
[EventRounds "9"]
[EventCountry "RUS"]

1. d4 d5 2. Nf3 Nf6 3. g3 g6 4. Bg2 Bg7 5. O-O O-O 6. c4 c6 7. Nc3 e6 8. Qc2
Nbd7 9. Rd1 Qa5 10. Bf4 Re8 11. a3 dxc4 12. Nd2 Qa6 13. Na2 e5 14. dxe5 Nxe5
15. Bxe5 Rxe5 16. Nb4 Qb5 17. Nxc4 Bf5 18. e4 Bxe4 19. Bxe4 Rxe4 20. Nd6 Qe5
21. Nxe4 Nxe4 22. Re1 f5 23. Nd3 Qb5 24. a4 Qb6 25. Qc4+ Kh8 26. a5 Qc7 27. Kg2
Rf8 28. f3 Ng5 29. h4 Nf7 30. Re2 g5 31. hxg5 Nxg5 32. Qf4 Qd8 33. Rd1 Rg8 34.
Nf2 Qf6 35. Rd6 Qf8 36. Rd7 Qf6 37. Qd6 Qxd6 38. Rxd6  1-0

[Event "M.Chigorin Memorial 2017 "]
[Site "?????-?????????"]
[Date "2017.10.21"]
[Round "1"]
[Board "126"]
[White "Ismagilov, Igor"]
[Black "Maltsevskaya, Aleksandra"]
[Result "0-1"]
[WhiteElo "1720"]
[BlackElo "2260"]
[PlyCount "58"]
[EventDate "2017.10.21"]
[EventRounds "9"]
[EventCountry "RUS"]

1. d4 Nf6 2. Bf4 g6 3. Nc3 Bg7 4. Qd2 d6 5. Bh6 O-O 6. Bxg7 Kxg7 7. f3 c6 8. g4
b5 9. h4 h5 10. g5 Nfd7 11. Nh3 Nb6 12. d5 b4 13. Qd4+ Kh7 14. Qxb4 cxd5 15.
Bg2 a5 16. Qf4 Nc6 17. a3 e5 18. Qd2 Nd4 19. b3 Bf5 20. Rc1 Rc8 21. e3 Qc7 22.
exd4 Qxc3 23. Nf2 Rfe8 24. Kd1 a4 25. Qxc3 Rxc3 26. Kd2 Rec8 27. Nd3 axb3 28.
Nb4 b2 29. Rb1 Rxc2+  0-1

[Event "M.Chigorin Memorial 2017 "]
[Site "?????-?????????"]
[Date "2017.10.21"]
[Round "1"]
[Board "127"]
[White "Chukavin, Kirill"]
[Black "Terzyan, Nazar"]
[Result "1-0"]
[WhiteElo "2256"]
[BlackElo "1717"]
[PlyCount "79"]
[EventDate "2017.10.21"]
[EventRounds "9"]
[EventCountry "RUS"]

1. e4 c5 2. Nf3 Nc6 3. d4 cxd4 4. Nxd4 Nf6 5. Nc3 d6 6. g3 e5 7. Nde2 h6 8. Bg2
Be7 9. O-O O-O 10. h3 Be6 11. Be3 Qd7 12. Kh2 Rfd8 13. Nd5 Rac8 14. Qd2 Ne8 15.
g4 Bh4 16. c4 Ne7 17. Bxa7 Bxd5 18. cxd5 Nf6 19. Be3 Rc4 20. b3 Rcc8 21. Rfc1
g5 22. Ng3 Bxg3+ 23. fxg3 Ng6 24. a4 Kg7 25. Ra2 Rxc1 26. Qxc1 Rc8 27. Rc2 Rxc2
28. Qxc2 Qd8 29. b4 h5 30. gxh5 Nxh5 31. Qe2 Kh6 32. h4 f6 33. a5 Ne7 34. Qd2
Kg6 35. hxg5 Qh8 36. Bh3 f5 37. exf5+ Nxf5 38. g4 Nh4 39. Qc2+ Kg7 40. Qc7+  1-0

[Event "M.Chigorin Memorial 2017 "]
[Site "?????-?????????"]
[Date "2017.10.21"]
[Round "1"]
[Board "128"]
[White "Anisimov, Artem"]
[Black "Tugarin, Anton"]
[Result "0-1"]
[WhiteElo "1716"]
[BlackElo "2251"]
[PlyCount "40"]
[EventDate "2017.10.21"]
[EventRounds "9"]
[EventCountry "RUS"]

1. d4 e6 2. c4 d5 3. Nf3 c6 4. g3 dxc4 5. Qc2 b5 6. Bg2 Bb7 7. O-O Nf6 8. a4
Be7 9. Rd1 O-O 10. Ne5 Qe8 11. Nc3 a6 12. g4 Nbd7 13. g5 Nd5 14. Be4 f5 15.
Bxd5 exd5 16. f4 Nxe5 17. dxe5 d4 18. Nb1 c5 19. Nd2 Qc6 20. Nf3 d3  0-1

[Event "M.Chigorin Memorial 2017 "]
[Site "?????-?????????"]
[Date "2017.10.21"]
[Round "1"]
[Board "129"]
[White "Shuvalov, Evgenij"]
[Black "Gimenez, Gregoire"]
[Result "1-0"]
[WhiteElo "2247"]
[BlackElo "1711"]
[PlyCount "45"]
[EventDate "2017.10.21"]
[EventRounds "9"]
[EventCountry "RUS"]

1. Nf3 Nf6 2. c4 c5 3. Nc3 Nc6 4. g3 d5 5. cxd5 Nxd5 6. Bg2 Bg4 7. Qa4 Bxf3 8.
Bxf3 e6 9. O-O Be7 10. Nxd5 exd5 11. Qb3 Nd4 12. Qxb7 Nxf3+ 13. exf3 O-O 14. d3
g5 15. Be3 Qd6 16. Qb3 Rfb8 17. Qc2 Rb6 18. b3 f5 19. d4 Qf6 20. dxc5 Rc8 21.
Qd3 Bxc5 22. Rac1 d4 23. Bxd4  1-0

[Event "M.Chigorin Memorial 2017 "]
[Site "?????-?????????"]
[Date "2017.10.21"]
[Round "1"]
[Board "131"]
[White "Chernyak, Viktoria"]
[Black "Sakalli, Selcuk Orkun"]
[Result "1-0"]
[WhiteElo "2236"]
[BlackElo "1699"]
[PlyCount "103"]
[EventDate "2017.10.21"]
[EventRounds "9"]
[EventCountry "RUS"]

1. Nf3 Nf6 2. c4 g6 3. Nc3 Bg7 4. e4 d6 5. d4 O-O 6. Be2 e5 7. Be3 Nc6 8. d5
Ne7 9. Nd2 Ne8 10. b4 f5 11. f3 fxe4 12. fxe4 Kh8 13. h4 h6 14. Nf1 Ng8 15. g4
Bf6 16. g5 Be7 17. Qd2 h5 18. Ng3 Ng7 19. O-O-O c6 20. Kb2 a5 21. a3 axb4 22.
axb4 c5 23. bxc5 dxc5 24. Ra1 Qb6+ 25. Kc2 Bd7 26. Rhb1 Qc7 27. Qd1 Ra6 28. Kd3
Rd6 29. Qb3 Ra6 30. Rxa6 bxa6 31. Qb6 Ne8 32. Qxg6 Qd6 33. Qxd6 Bxd6 34. Bxh5
Ne7 35. Rb6 Nc8 36. Rxa6 Nc7 37. Rxd6 Nxd6 38. Bxc5 Nce8 39. Bxd6 Nxd6 40. c5
Nc8 41. c6 Bh3 42. Nb5 Rf4 43. d6 Nb6 44. Be2 Rxh4 45. Nf5 Rh7 46. g6 Rg7 47.
Nxg7 Kxg7 48. Nc3 Kxg6 49. Nd5 Na4 50. Kc4 Kf7 51. Kb4 Nb2 52. d7  1-0

[Event "M.Chigorin Memorial 2017 "]
[Site "?????-?????????"]
[Date "2017.10.21"]
[Round "1"]
[Board "133"]
[White "Zimin, Alexey"]
[Black "Surovtseva, Alisa"]
[Result "1-0"]
[WhiteElo "2227"]
[BlackElo "1693"]
[PlyCount "71"]
[EventDate "2017.10.21"]
[EventRounds "9"]
[EventCountry "RUS"]

1. e4 e5 2. Nf3 Nc6 3. Bb5 g6 4. d4 exd4 5. c3 Bg7 6. cxd4 a6 7. Ba4 b5 8. Bb3
Nge7 9. O-O O-O 10. Nc3 d6 11. h3 Na5 12. Re1 Bb7 13. Bc2 Nc4 14. b3 Nb6 15.
Bb2 b4 16. Ne2 f5 17. Nf4 Qc8 18. Ng5 Bh6 19. Nfe6 Bxg5 20. Nxg5 f4 21. d5 Nd7
22. Qg4 Ne5 23. Qh4 h5 24. Ne6 Rf7 25. Nxf4 c6 26. Rac1 Qd7 27. Nd3 Nxd3 28.
Bxd3 Raf8 29. dxc6 Nxc6 30. Bc4 Ne5 31. Bxe5 dxe5 32. Red1 Qe8 33. Bxf7+ Qxf7
34. Rd8 Kh7 35. Rxf8 Qxf8 36. Rc7+  1-0

[Event "M.Chigorin Memorial 2017 "]
[Site "?????-?????????"]
[Date "2017.10.21"]
[Round "1"]
[Board "134"]
[White "Makeev, Konstantin"]
[Black "Pogorelskikh, Sergey"]
[Result "0-1"]
[WhiteElo "1688"]
[BlackElo "2225"]
[PlyCount "132"]
[EventDate "2017.10.21"]
[EventRounds "9"]
[EventCountry "RUS"]

1. e4 c5 2. Nc3 Nc6 3. g3 g6 4. Bg2 Bg7 5. f4 e6 6. Nf3 Nge7 7. O-O O-O 8. d3
d6 9. Be3 Nd4 10. Bf2 Rb8 11. Nxd4 cxd4 12. Ne2 Nc6 13. Qd2 e5 14. Rab1 Be6 15.
a3 Qd7 16. c3 Bh3 17. cxd4 Bxg2 18. Kxg2 exd4 19. b4 b5 20. Ng1 d5 21. e5 f6
22. exf6 Bxf6 23. Nf3 h5 24. Rbc1 h4 25. Nxh4 Bxh4 26. gxh4 Rf6 27. Bg3 Rbf8
28. h3 Ne7 29. Rf3 Nf5 30. Bf2 Re8 31. Re1 Rxe1 32. Qxe1 Re6 33. Qg1 Kf7 34.
Kh1 Qe8 35. h5 Rc6 36. Bxd4 Qe2 37. Rf2 Qxd3 38. Bc5 gxh5 39. Kh2 Rg6 40. Rg2
Nh4 41. Rg3 Qe2+ 42. Qf2 Qxf2+ 43. Bxf2 Rxg3 44. Kxg3 Nf5+ 45. Kf3 a6 46. Bc5
Ke6 47. Bf2 Nd6 48. Kg3 Ne4+ 49. Kf3 Nxf2 50. Kxf2 Kf5 51. Ke3 h4 52. Kd4 Kxf4
53. Kxd5 Kg3 54. Kc6 Kxh3 55. Kb6 Kg4 56. Kxa6 h3 57. Kxb5 h2 58. a4 h1=Q 59.
a5 Kf5 60. a6 Ke6 61. Kb6 Kd7 62. b5 Qc1 63. a7 Qh1 64. Ka6 Kc8 65. b6 Qf1+ 66.
Ka5 Kb7  0-1

[Event "M.Chigorin Memorial 2017 "]
[Site "?????-?????????"]
[Date "2017.10.21"]
[Round "1"]
[Board "135"]
[White "Moksh, Amit Doshi"]
[Black "Novitckii, Andrei"]
[Result "1-0"]
[WhiteElo "2222"]
[BlackElo "1688"]
[PlyCount "53"]
[EventDate "2017.10.21"]
[EventRounds "9"]
[EventCountry "RUS"]

1. Nf3 c5 2. e4 e6 3. d4 cxd4 4. Nxd4 a6 5. Bd3 Qc7 6. O-O Nf6 7. Qe2 d6 8. c4
Be7 9. b3 Nbd7 10. Bb2 O-O 11. f4 e5 12. Nf5 Nc5 13. Nxe7+ Qxe7 14. Bc2 Re8 15.
Nc3 Ne6 16. fxe5 Nd4 17. Qf2 dxe5 18. Bd3 Ne6 19. Nd5 Nxd5 20. exd5 Nf4 21. Bc2
Bh3 22. Rae1 Qc7 23. Bxe5 Rxe5 24. Qxf4 Qc5+ 25. Kh1 Rxe1 26. Qxf7+ Kh8 27.
Rxe1  1-0

[Event "M.Chigorin Memorial 2017 "]
[Site "?????-?????????"]
[Date "2017.10.21"]
[Round "1"]
[Board "136"]
[White "Zakharov, Yuri"]
[Black "Travkina, Anastasia"]
[Result "0-1"]
[WhiteElo "1681"]
[BlackElo "2221"]
[PlyCount "90"]
[EventDate "2017.10.21"]
[EventRounds "9"]
[EventCountry "RUS"]

1. Nf3 d5 2. g3 c6 3. Bg2 Bg4 4. h3 Bf5 5. d3 h6 6. Nbd2 Nf6 7. c4 e6 8. O-O
Be7 9. b3 O-O 10. Bb2 Nbd7 11. Re1 Bh7 12. Nf1 a5 13. a3 b5 14. Ne5 Qb6 15.
cxd5 cxd5 16. Nxd7 Nxd7 17. Rc1 Bg5 18. e3 Rac8 19. d4 Be7 20. Nd2 Rxc1 21.
Qxc1 Qb7 22. Qa1 a4 23. b4 Nb6 24. Rc1 Bd3 25. Rc3 Bc4 26. Qc1 Rc8 27. Nf3 Bd6
28. Nd2 Rc7 29. e4 Rc8 30. e5 Bb8 31. Qe1 Ba7 32. Nf3 Bb3 33. Rc5 Nc4 34. Bc1
Bxc5 35. dxc5 Qb8 36. Qc3 d4 37. Qxd4 Rd8 38. Qc3 Rd1+ 39. Kh2 Qd8 40. c6 Qb6
41. Be3 Qxc6 42. Nd4 Qd7 43. Bc6 Qd8 44. Bxb5 Qd5 45. f3 Nxe3  0-1

[Event "M.Chigorin Memorial 2017 "]
[Site "?????-?????????"]
[Date "2017.10.21"]
[Round "1"]
[Board "137"]
[White "Eynullayev, Altay"]
[Black "Khlopushin, Dmitriy"]
[Result "1-0"]
[WhiteElo "2220"]
[BlackElo "1668"]
[PlyCount "59"]
[EventDate "2017.10.21"]
[EventRounds "9"]
[EventCountry "RUS"]

1. e4 e5 2. Nf3 Nc6 3. Bb5 a6 4. Ba4 Nf6 5. O-O Nxe4 6. d4 b5 7. Bb3 d5 8. dxe5
Be6 9. Be3 Be7 10. c3 O-O 11. Nbd2 Bg4 12. Nxe4 dxe4 13. Qd5 exf3 14. Qxc6 fxg2
15. Qxg2 Qc8 16. Bh6 gxh6 17. f3 h5 18. h3 Kh8 19. fxg4 hxg4 20. hxg4 Rg8 21.
Rf5 Bc5+ 22. Kh1 Qxf5 23. gxf5 Rxg2 24. Kxg2 Re8 25. Re1 f6 26. e6 Be7 27. Kf3
Rd8 28. Ke4 c6 29. Rd1 Bd6 30. Rxd6  1-0

[Event "M.Chigorin Memorial 2017 "]
[Site "?????-?????????"]
[Date "2017.10.21"]
[Round "1"]
[Board "138"]
[White "Arbuzov, Timofey"]
[Black "Protopopova, Anastasiya"]
[Result "0-1"]
[WhiteElo "1658"]
[BlackElo "2219"]
[PlyCount "62"]
[EventDate "2017.10.21"]
[EventRounds "9"]
[EventCountry "RUS"]

1. e4 c6 2. d4 d5 3. Nc3 dxe4 4. Nxe4 Nf6 5. Nxf6+ gxf6 6. Nf3 Bg4 7. Be2 Rg8
8. Bf4 e6 9. O-O Bd6 10. Bg3 Bxg3 11. hxg3 Qd6 12. c4 Nd7 13. Qb3 O-O-O 14.
Rfd1 Kb8 15. Qa4 f5 16. c5 Qc7 17. b4 f4 18. Rd3 fxg3 19. Ra3 gxf2+ 20. Kxf2 a6
21. Rb1 Bf5 22. b5 Bxb1 23. bxa6 b5 24. cxb6 Nxb6 25. Qa5 Ka7 26. Rb3 Be4 27.
a4 Rb8 28. Qc5 Qg3+ 29. Ke3 Bxf3 30. Qe7+ Ka8 31. Bxf3 Nd5+  0-1

[Event "M.Chigorin Memorial 2017 "]
[Site "?????-?????????"]
[Date "2017.10.21"]
[Round "1"]
[Board "139"]
[White "Anchutin, Nikita"]
[Black "Pitkanen, Juhani"]
[Result "1-0"]
[WhiteElo "2219"]
[BlackElo "1657"]
[PlyCount "49"]
[EventDate "2017.10.21"]
[EventRounds "9"]
[EventCountry "RUS"]

1. d4 Nf6 2. Nf3 g6 3. c4 Bg7 4. Nc3 d6 5. g3 O-O 6. Bg2 c6 7. O-O Qa5 8. h3
Nbd7 9. e4 e5 10. d5 cxd5 11. cxd5 a6 12. Be3 Qd8 13. a4 Re8 14. Nd2 Bf8 15.
Nc4 b6 16. Qb3 Rb8 17. Rfc1 Nc5 18. Qd1 b5 19. axb5 axb5 20. Na5 Bd7 21. b4 Nb7
22. Nc6 Qc8 23. Nxb5 Bxc6 24. dxc6 Nc5 25. Na7  1-0

[Event "M.Chigorin Memorial 2017 "]
[Site "?????-?????????"]
[Date "2017.10.21"]
[Round "1"]
[Board "140"]
[White "Ageeva, Vasilisa"]
[Black "Tsvetkov, Andrey"]
[Result "0-1"]
[WhiteElo "1649"]
[BlackElo "2218"]
[PlyCount "78"]
[EventDate "2017.10.21"]
[EventRounds "9"]
[EventCountry "RUS"]

1. e4 c5 2. Nf3 d6 3. d4 cxd4 4. Nxd4 Nf6 5. Nc3 a6 6. Be3 e5 7. Nf3 Be7 8. Bc4
O-O 9. O-O Nbd7 10. Bb3 Qc7 11. Qe2 b5 12. Nd5 Nxd5 13. Bxd5 Bb7 14. Bxb7 Qxb7
15. Nd2 h6 16. Rfd1 Nf6 17. Qf3 Rac8 18. c3 Rfd8 19. Rac1 Rd7 20. Qf5 Rcd8 21.
Qf3 d5 22. exd5 Qxd5 23. a3 Kh7 24. Qxd5 Nxd5 25. Nf1 Nxc3 26. Rxd7 Ne2+ 27.
Kh1 Rxd7 28. Re1 Nd4 29. Rd1 Bc5 30. Ng3 Bb6 31. Ne2 Rd8 32. Bxd4 exd4 33. Rd3
Re8 34. Ng1 Kg6 35. g3 Kf5 36. Nf3 Ke4 37. Ne1 Kd5 38. Nc2 a5 39. Kg2 Re2  0-1

[Event "M.Chigorin Memorial 2017 "]
[Site "?????-?????????"]
[Date "2017.10.21"]
[Round "1"]
[Board "141"]
[White "Shpartko, Grigory"]
[Black "Murzina, Agata"]
[Result "1-0"]
[WhiteElo "2216"]
[BlackElo "1637"]
[PlyCount "119"]
[EventDate "2017.10.21"]
[EventRounds "9"]
[EventCountry "RUS"]

1. Nf3 Nf6 2. c4 g6 3. d4 Bg7 4. Bf4 e6 5. Nc3 d5 6. Qa4+ c6 7. cxd5 exd5 8.
Qa3 Bf8 9. Qb3 Bg7 10. e3 O-O 11. Bd3 Nbd7 12. O-O Re8 13. Rfe1 b6 14. a4 a5
15. e4 dxe4 16. Nxe4 Nxe4 17. Bxe4 Bb7 18. Rac1 Rc8 19. Bg5 Nf6 20. Ne5 Qc7 21.
Bf3 Ba8 22. Bf4 Qa7 23. Nc4 Rxe1+ 24. Rxe1 Rd8 25. Be5 Nd5 26. Bxg7 Kxg7 27.
Bxd5 cxd5 28. Ne5 Re8 29. Rc1 Re7 30. h4 h5 31. Rc8 Rc7 32. Re8 Re7 33. Rd8 f6
34. Nd3 Bc6 35. Qa3 Qc7 36. Rc8 Re1+ 37. Nxe1 Qxc8 38. Qe7+ Kh6 39. Qxf6 Bxa4
40. Nd3 Bc2 41. Nf4 Bf5 42. Nxd5 Kh7 43. Qf7+ Kh8 44. Qf6+ Kh7 45. Qe7+ Kh8 46.
Qe5+ Kh7 47. Nf6+ Kh6 48. Ne8 Qxe8 49. Qxe8 Kg7 50. d5 b5 51. Qxb5 a4 52. Qxa4
g5 53. hxg5 h4 54. Qxh4 Bd7 55. Qh6+ Kg8 56. g6 Be6 57. Qh7+ Kf8 58. dxe6 Ke8
59. Qd7+ Kf8 60. Qf7#  1-0

[Event "M.Chigorin Memorial 2017 "]
[Site "?????-?????????"]
[Date "2017.10.21"]
[Round "1"]
[Board "142"]
[White "Chekletsova, Darya"]
[Black "Stukan, Martin"]
[Result "0-1"]
[WhiteElo "1636"]
[BlackElo "2215"]
[PlyCount "118"]
[EventDate "2017.10.21"]
[EventRounds "9"]
[EventCountry "RUS"]

1. d4 Nf6 2. c4 e6 3. Nc3 Bb4 4. Qc2 c5 5. dxc5 O-O 6. Nf3 Bxc5 7. Bg5 Nc6 8.
a3 h6 9. Bh4 b6 10. e3 Bb7 11. Ne4 Be7 12. Nxf6+ Bxf6 13. Bxf6 Qxf6 14. Be2 Ne5
15. Nxe5 Qxe5 16. O-O Qg5 17. g3 d5 18. Bf3 Rac8 19. b3 Ba6 20. Be2 dxc4 21.
bxc4 Bxc4 22. Bxc4 b5 23. Rab1 Rxc4 24. Qb3 a6 25. Rfc1 Rfc8 26. Rxc4 Rxc4 27.
Rd1 Qe5 28. Rd8+ Kh7 29. Rd4 Rxd4 30. exd4 Qxd4 31. Qc2+ g6 32. Qc7 Kg7 33. Qa5
Qd6 34. Qc3+ e5 35. Qa5 Qc6 36. Qe1 f6 37. Qb4 Kf7 38. Qb3+ Qe6 39. Qc3 g5 40.
Qc7+ Kg6 41. Qc2+ f5 42. g4 e4 43. gxf5+ Kxf5 44. Qc5+ Kg6 45. Qd4 h5 46. Kh1
h4 47. Qe3 h3 48. Qe2 Qc4 49. Qd1 Qd3 50. Qg4 Qf3+ 51. Qxf3 exf3 52. Kg1 a5 53.
Kf1 b4 54. axb4 a4 55. Ke1 a3 56. b5 a2 57. b6 a1=Q+ 58. Kd2 Qd4+ 59. Kc2 Qxf2+
 0-1

[Event "M.Chigorin Memorial 2017 "]
[Site "?????-?????????"]
[Date "2017.10.21"]
[Round "1"]
[Board "143"]
[White "Ibadov, Dashgyn"]
[Black "Khodko, Yurii N."]
[Result "1-0"]
[WhiteElo "2213"]
[BlackElo "1583"]
[PlyCount "57"]
[EventDate "2017.10.21"]
[EventRounds "9"]
[EventCountry "RUS"]

1. e4 e6 2. d4 d5 3. Nc3 Bb4 4. exd5 exd5 5. Bd3 Nf6 6. Nge2 O-O 7. O-O c5 8.
dxc5 Bxc5 9. Bg5 Be6 10. Nf4 Qd6 11. Bxf6 Qxf4 12. Qh5 g6 13. Nxd5 Qxf2+ 14.
Rxf2 gxh5 15. Ne7+ Bxe7 16. Bxe7 Re8 17. Bf6 Nd7 18. Bd4 Rac8 19. c3 Nc5 20.
Bc2 b5 21. Rf3 Na4 22. Rg3+ Kf8 23. Bxh7 Ke7 24. b3 Nb6 25. Bd3 b4 26. cxb4 h4
27. Rf3 Nd7 28. Re1 Kd6 29. Rfe3  1-0

[Event "M.Chigorin Memorial 2017 "]
[Site "?????-?????????"]
[Date "2017.10.21"]
[Round "1"]
[Board "144"]
[White "Chagina, Ulyana"]
[Black "Hakobyan, Hovhannes H."]
[Result "0-1"]
[WhiteElo "1571"]
[BlackElo "2212"]
[PlyCount "60"]
[EventDate "2017.10.21"]
[EventRounds "9"]
[EventCountry "RUS"]

1. d4 Nf6 2. Nf3 g6 3. Nc3 Bg7 4. e4 d6 5. Be3 O-O 6. Qd2 Ng4 7. Bg5 h6 8. h3
hxg5 9. hxg4 Bxg4 10. Nxg5 e5 11. Nd5 c6 12. Nc3 exd4 13. Qf4 dxc3 14. b3 Bh5
15. Rxh5 Qf6 16. Rh8+ Bxh8 17. Qh4 Qg7 18. O-O-O Na6 19. f4 Rae8 20. f5 f6 21.
Bc4+ d5 22. exd5 b5 23. d6+ bxc4 24. Qxc4+ Rf7 25. d7 Rd8 26. Re1 Nc7 27. fxg6
fxg5 28. gxf7+ Qxf7 29. Qxc6 Qxd7 30. Qg6+ Bg7  0-1

[Event "M.Chigorin Memorial 2017 "]
[Site "?????-?????????"]
[Date "2017.10.21"]
[Round "1"]
[Board "145"]
[White "Cherednichenko, Dmitrij"]
[Black "Pradeep, Pandya"]
[Result "1-0"]
[WhiteElo "2209"]
[BlackElo "1571"]
[PlyCount "75"]
[EventDate "2017.10.21"]
[EventRounds "9"]
[EventCountry "RUS"]

1. d4 Nf6 2. c4 g6 3. Nc3 Bg7 4. e4 d6 5. Be2 Nbd7 6. Nf3 e5 7. O-O O-O 8. Qc2
exd4 9. Nxd4 Nc5 10. Be3 c6 11. b4 Ne6 12. Rad1 Qc7 13. Nb3 b6 14. b5 Bb7 15.
bxc6 Bxc6 16. Rd2 Rad8 17. f3 Rd7 18. Rfd1 Rfd8 19. Nd5 Bxd5 20. cxd5 Qxc2 21.
Rxc2 Rc7 22. Rxc7 Nxc7 23. Rc1 Nfe8 24. Nd4 Bxd4 25. Bxd4 Kf8 26. Kf2 Ke7 27.
h4 Kd7 28. g4 Kc8 29. f4 Kb7 30. h5 Na6 31. Rh1 Nc5 32. Bxc5 bxc5 33. hxg6 hxg6
34. Rh7 Rd7 35. e5 Rc7 36. Bb5 c4 37. Bxe8 c3 38. Bc6+  1-0

[Event "M.Chigorin Memorial 2017 "]
[Site "?????-?????????"]
[Date "2017.10.21"]
[Round "1"]
[Board "146"]
[White "Popova, Polina"]
[Black "Khadzhiev, Valery"]
[Result "0-1"]
[WhiteElo "1560"]
[BlackElo "2208"]
[PlyCount "124"]
[EventDate "2017.10.21"]
[EventRounds "9"]
[EventCountry "RUS"]

1. e4 e6 2. d4 d5 3. Nd2 Nf6 4. exd5 exd5 5. Ngf3 Be7 6. Be2 O-O 7. O-O Nc6 8.
Nb3 Ne4 9. Re1 Bf6 10. c3 a5 11. a4 b6 12. Bd3 Nd6 13. Qc2 g6 14. Bh6 Bg7 15.
Bxg7 Kxg7 16. Nbd2 Bf5 17. Ne5 Ne7 18. Re3 c5 19. Rae1 Rc8 20. Qd1 cxd4 21.
cxd4 Bxd3 22. Rxd3 f6 23. Nef3 Nc6 24. Qe2 Rf7 25. Rc3 Nb4 26. Qe6 Rcc7 27.
Rxc7 Qxc7 28. g3 Nf5 29. Qe2 Nc2 30. Rd1 Re7 31. Qd3 Nb4 32. Qc3 Qd8 33. Rc1
Nd6 34. Qb3 Ne4 35. Nf1 Rc7 36. Rxc7+ Qxc7 37. Ne3 Qc6 38. Kg2 h5 39. h4 Qe6
40. Nc2 Nxc2 41. Qxc2 Qd7 42. b3 Nd6 43. Nd2 Nf5 44. Qd3 Nd6 45. Qc2 Kf7 46.
Qd3 Qc8 47. Qf3 Qc6 48. Qe3 Nf5 49. Qf3 Nxd4 50. Qd3 Ne6 51. Kh2 Qc5 52. Kg2
Qd4 53. Qxd4 Nxd4 54. Kf1 Ke6 55. Ke1 Kd6 56. Kd1 g5 57. hxg5 fxg5 58. Kc1 h4
59. gxh4 gxh4 60. Nf1 Nxb3+ 61. Kd1 Ke5 62. Kc2 Nc5  0-1

[Event "M.Chigorin Memorial 2017 "]
[Site "?????-?????????"]
[Date "2017.10.21"]
[Round "1"]
[Board "148"]
[White "Moskaleva, Arina"]
[Black "Khokhlova, Daria"]
[Result "0-1"]
[WhiteElo "1536"]
[BlackElo "2207"]
[PlyCount "70"]
[EventDate "2017.10.21"]
[EventRounds "9"]
[EventCountry "RUS"]

1. c4 Nf6 2. Nc3 g6 3. d4 Bg7 4. e4 d6 5. f3 O-O 6. Be3 Nbd7 7. Bd3 c5 8. d5 a6
9. Nge2 Ne5 10. O-O Bd7 11. Rc1 b5 12. cxb5 c4 13. Bc2 axb5 14. b3 b4 15. Nb1
Rxa2 16. bxc4 Nxc4 17. Bf2 Ra8 18. Bb3 Na5 19. Nd2 Bb5 20. Re1 Nd7 21. Nd4 Ba6
22. Nc4 Bxc4 23. Bxc4 Nc5 24. Nb3 Bc3 25. Nxa5 Bxe1 26. Bxe1 Qxa5 27. h4 Qb6
28. Bf2 b3 29. Rb1 b2 30. Bd4 Qb4 31. Bf1 Nb3 32. Be3 Ra1 33. h5 Rxb1 34. Qxb1
Nd2 35. Bxd2 Qxd2  0-1

[Event "M.Chigorin Memorial 2017 "]
[Site "?????-?????????"]
[Date "2017.10.21"]
[Round "1"]
[Board "149"]
[White "Sukhareva, Evgeniya"]
[Black "Aslanov, Umid"]
[Result "1-0"]
[WhiteElo "2207"]
[BlackElo "1520"]
[PlyCount "105"]
[EventDate "2017.10.21"]
[EventRounds "9"]
[EventCountry "RUS"]

1. d4 d5 2. Nf3 Nf6 3. c4 e6 4. Nc3 Be7 5. Bg5 O-O 6. e3 h6 7. Bh4 b6 8. cxd5
Nxd5 9. Bxe7 Qxe7 10. Nxd5 exd5 11. Qc2 Be6 12. Be2 c5 13. dxc5 bxc5 14. O-O
Nd7 15. Rfd1 Rab8 16. b3 Rfd8 17. Rac1 Kh8 18. h3 Kg8 19. Qd2 Nf6 20. Qa5 Rdc8
21. Ba6 Rc7 22. Nd4 Rb6 23. Nxe6 fxe6 24. Bd3 Kf7 25. Rc2 Qd6 26. Rdc1 Nd7 27.
Bb5 Nf6 28. Rxc5 Rcb7 29. Bd3 Rd7 30. Qa4 e5 31. Bb5 Rdb7 32. Bc6 Rc7 33. b4
Kf8 34. a3 Qe6 35. b5 Qd6 36. Qd1 g6 37. a4 Kg7 38. R5c2 a5 39. Qe1 Ra7 40. Rd1
Rb8 41. Bxd5 Nxd5 42. Rcd2 Rd8 43. e4 Qb4 44. exd5 Qxa4 45. Qxe5+ Kh7 46. b6
Rf7 47. Rc1 Re8 48. Qd4 Qd7 49. d6 Rd8 50. h4 Qf5 51. Rc7 Rdd7 52. Rd1 Qh5 53.
b7  1-0

[Event "M.Chigorin Memorial 2017 "]
[Site "?????-?????????"]
[Date "2017.10.21"]
[Round "1"]
[Board "150"]
[White "Kudin, Alexander"]
[Black "Utiatskaja, Irina"]
[Result "0-1"]
[WhiteElo "1520"]
[BlackElo "2203"]
[PlyCount "80"]
[EventDate "2017.10.21"]
[EventRounds "9"]
[EventCountry "RUS"]

1. e4 c5 2. Nf3 d6 3. d4 cxd4 4. Nxd4 Nf6 5. Nc3 a6 6. Be3 e6 7. Be2 Nbd7 8.
O-O b5 9. a3 Bb7 10. f3 Be7 11. Qe1 O-O 12. Bd3 d5 13. exd5 Nxd5 14. Nxd5 Bxd5
15. Qg3 Bf6 16. c3 Ne5 17. Be2 Bc4 18. Rad1 Qc8 19. f4 Nc6 20. Bxc4 bxc4 21. f5
Nxd4 22. Bxd4 Bxd4+ 23. Rxd4 exf5 24. Qf4 Qb7 25. Qxf5 Qxb2 26. Rd7 Qxc3 27.
Rxf7 Qd4+ 28. Kh1 Qd6 29. Qh5 c3 30. Rxf8+ Rxf8 31. Rxf8+ Kxf8 32. Qf5+ Ke7 33.
Qg5+ Ke6 34. Qe3+ Qe5 35. Qb6+ Kd5 36. Qb7+ Kd4 37. Qd7+ Ke3 38. Qd1 c2 39.
Qc1+ Kd3 40. h3 Qe3  0-1

[Event "M.Chigorin Memorial 2017 "]
[Site "?????-?????????"]
[Date "2017.10.21"]
[Round "1"]
[Board "151"]
[White "Kharmunova, Nadezhda"]
[Black "Bugaev, Anton"]
[Result "1-0"]
[WhiteElo "2199"]
[BlackElo "1503"]
[PlyCount "129"]
[EventDate "2017.10.21"]
[EventRounds "9"]
[EventCountry "RUS"]

1. d4 Nf6 2. c4 e6 3. Nf3 b6 4. g3 Bb7 5. Bg2 Be7 6. Nc3 O-O 7. Qc2 d5 8. Ne5
c6 9. O-O Nbd7 10. f4 Ne8 11. Qa4 Nd6 12. Nxd7 Qxd7 13. cxd5 b5 14. dxe6 Qxe6
15. Qc2 Nc4 16. e4 b4 17. Ne2 Ba6 18. b3 Nb6 19. f5 Qd7 20. Be3 Rac8 21. Rfd1
Rfd8 22. Nf4 Qe8 23. Nd3 Bxd3 24. Rxd3 Nd7 25. Rad1 Nf6 26. Qe2 Bf8 27. Qf3 Rd7
28. g4 Re7 29. Bg5 Rxe4 30. Bxf6 Re1+ 31. Rxe1 Qxe1+ 32. Qf1 Qxf1+ 33. Kxf1
gxf6 34. Rd2 Bd6 35. Rc2 Bxh2 36. Bxc6 Bd6 37. Ke2 Kf8 38. Kd3 Ke7 39. Re2+ Kd8
40. d5 Kc7 41. Re1 Rg8 42. Rh1 Rg7 43. Ke3 Kb6 44. Kf3 a5 45. Rc1 Rg5 46. Be8
Kb7 47. Rc6 Be7 48. Bxf7 Rg7 49. Be8 Bd8 50. Re6 Rc7 51. Bc6+ Kc8 52. Re8 h6
53. Rh8 Re7 54. Rxh6 Rf7 55. d6 Rf8 56. Ke4 Rg8 57. Rg6 Rh8 58. Rg7 Rh4 59. Ra7
Rxg4+ 60. Kd5 Rd4+ 61. Ke6 Rxd6+ 62. Kxd6 Bc7+ 63. Rxc7+ Kd8 64. Ra7 a4 65.
Ra8#  1-0